[Event "Moravia-Silesia Region-chT 2223"]
[Site "Czech Republic"]
[Date "2023.01.15"]
[Round "6"]
[White "Rechtenberg, Karel"]
[Black "Pawlowski, Roman"]
[Result "1-0"]
[WhiteElo "1594"]
[BlackElo "1715"]
[PlyCount "75"]
[EventDate "2022.10.09"]
[EventType "team-tourn"]
[EventRounds "11"]
[EventCountry "CZE"]
[SourceTitle "EXT 2024"]
[Source "ChessBase"]
[SourceDate "2023.10.10"]
[SourceVersion "1"]
[SourceVersionDate "2023.10.10"]
[SourceQuality "1"]
[WhiteTeam "Frydek Mistek IV"]
[BlackTeam "Petrovice Inter"]
[WhiteTeamCountry "CZE"]
[BlackTeamCountry "CZE"]

1. e4 c6 2. d4 d5 3. Nc3 dxe4 4. Nxe4 Bf5 5. Ng3 Bg6 6. Nf3 Nd7 7. b3 e6 8. Bb2 Ngf6 9. Bd3 Bxd3 10. Qxd3 Be7 11. 0-0 0-0 12. Rad1 Qc7 13. c4 Rad8 14. Rfe1 Rfe8 15. h3 c5 16. Qc2 Bd6 17. Ne4 Nxe4 18. Qxe4 Be7 19. Qc2 Bf6 20. dxc5 Bxb2 21. Qxb2 Nxc5 22. Qc2 Rxd1 23. Rxd1 Rd8 24. Rxd8+ Qxd8 25. b4 Qd3 26. Qd2 Qxd2 27. Nxd2 Nd3 28. a3 b6 29. Kf1 Kf8 30. Ke2 Ne5 31. Ke3 f5 32. Kd4 Nc6+ 33. Kc3 e5 34. Nf3 e4 35. Nd4 Nxd4 36. Kxd4 Ke7 37. Ke5 g6 38. g4 1-0

[Event "Ostrava Seniors op"]
[Site "Ostrava"]
[Date "2014.05.01"]
[Round "6"]
[White "Novotny, Petr"]
[Black "Rechtenberg, Karel"]
[Result "1/2-1/2"]
[WhiteElo "1661"]
[BlackElo "1903"]
[PlyCount "43"]
[EventDate "2014.04.26"]
[EventType "swiss"]
[EventRounds "9"]
[EventCountry "CZE"]
[SourceTitle "CBM 160 Extra"]
[Source "ChessBase"]
[SourceDate "2014.07.01"]
[SourceVersion "1"]
[SourceVersionDate "2014.07.01"]
[SourceQuality "1"]

1. c4 c5 2. Nc3 Nf6 3. g3 Nc6 4. Nf3 d6 5. Bg2 g6 6. 0-0 Bg7 7. d3 0-0 8. Rb1 Rb8 9. e4 Bd7 10. Re1 e5 11. Be3 a6 12. h3 h6 13. a3 b5 14. Nd5 Kh7 15. Bd2 a5 16. Nxf6+ Bxf6 17. cxb5 Rxb5 18. Bc3 Qc7 19. Nd2 Bg7 20. Kh2 Rfb8 21. Nc4 Rb3 22. Nd2 1/2-1/2

[Event "Ostrava op"]
[Site "Ostrava"]
[Date "2010.05.07"]
[Round "7"]
[White "Rechtenberg, Karel"]
[Black "Snopek, Jiri"]
[Result "1-0"]
[WhiteElo "1855"]
[BlackElo "1945"]
[PlyCount "85"]
[EventDate "2010.05.01"]
[EventType "swiss"]
[EventRounds "9"]
[EventCountry "CZE"]
[SourceTitle "EXT 2011"]
[Source "ChessBase"]
[SourceDate "2010.11.26"]
[SourceVersion "1"]
[SourceVersionDate "2010.11.26"]
[SourceQuality "1"]

1. e4 c6 2. d4 d5 3. Nc3 dxe4 4. Nxe4 Nd7 5. Nf3 Ngf6 6. Nxf6+ Nxf6 7. Be2 e6 8. 0-0 Qc7 9. b3 Bd6 10. Bb2 b6 11. h3 Bb7 12. c4 0-0-0 13. Qc2 c5 14. dxc5 Bxc5 15. Bc3 Ne4 16. Be5 Bd6 17. Bxd6 Qxd6 18. Rad1 Qc5 19. Bd3 Ng5 20. Nxg5 Qxg5 21. Be4 Qf4 22. Rxd8+ Rxd8 23. Bxb7+ Kxb7 24. Qxh7 g5 25. g3 Qf3 26. Qg7 Qh5 27. Kg2 Rd3 28. Qf6 Ka6 29. Re1 g4 30. hxg4 Qxg4 31. Qxf7 Rd6 32. Re3 e5 33. Qf3 Qg7 34. Qf5 Rh6 35. Re1 Qh8 36. Qxe5 Rh2+ 37. Kf3 Qf8+ 38. Qf4 Qc5 39. Re3 Qh5+ 40. Ke4 Qh7+ 41. Qf5 Qe7+ 42. Kd3 Qd6+ 43. Ke2 1-0

[Event "Ostrava op"]
[Site "Ostrava"]
[Date "2010.05.04"]
[Round "4"]
[White "Remes, Radek"]
[Black "Rechtenberg, Karel"]
[Result "1-0"]
[WhiteElo "1955"]
[BlackElo "1855"]
[PlyCount "64"]
[EventDate "2010.05.01"]
[EventType "swiss"]
[EventRounds "9"]
[EventCountry "CZE"]
[SourceTitle "EXT 2011"]
[Source "ChessBase"]
[SourceDate "2010.11.26"]
[SourceVersion "1"]
[SourceVersionDate "2010.11.26"]
[SourceQuality "1"]

1. e4 c5 2. Nf3 d6 3. d4 Nf6 4. Nc3 cxd4 5. Nxd4 Nc6 6. Bg5 Bd7 7. Qd2 Rc8 8. f3 a6 9. 0-0-0 Qb6 10. Be3 Be6 11. Bd3 Qc7 12. Kb1 g6 13. g4 Bg7 14. h4 h5 15. gxh5 Rxh5 16. f4 Bg4 17. Be2 Bxe2 18. Qxe2 e6 19. Bf2 Ke7 20. Bg3 Rd8 21. Rhf1 d5 22. e5 Ne8 23. Bf2 Kf8 24. Na4 Rb8 25. Nb6 Kg8 26. Na4 b5 27. Nc5 Qc8 28. Rg1 a5 29. Nd3 a4 30. Nc5 Ne7 31. Rg5 Rxg5 32. hxg5 Nf5 1-0

[Event "Ostrava op"]
[Site "Ostrava"]
[Date "2010.05.02"]
[Round "2"]
[White "Borosova, Zuzana"]
[Black "Rechtenberg, Karel"]
[Result "1-0"]
[WhiteElo "2215"]
[BlackElo "1855"]
[PlyCount "49"]
[EventDate "2010.05.01"]
[EventType "swiss"]
[EventRounds "9"]
[EventCountry "CZE"]
[SourceTitle "EXT 2011"]
[Source "ChessBase"]
[SourceDate "2010.11.26"]
[SourceVersion "1"]
[SourceVersionDate "2010.11.26"]
[SourceQuality "1"]

1. e4 c5 2. Nf3 d6 3. d4 Nf6 4. Nc3 cxd4 5. Nxd4 Nc6 6. Bg5 Bd7 7. Qd2 h6 8. Bxf6 gxf6 9. f4 h5 10. Be2 Bh6 11. Nxc6 bxc6 12. Bxh5 Bxf4 13. Bxf7+ Kxf7 14. Qxf4 Qb6 15. 0-0-0 Rag8 16. Rd2 Be6 17. h3 Qa5 18. a3 Rg5 19. Rf1 Rhg8 20. Rf3 Kg6 21. Ne2 Qe5 22. Qe3 c5 23. Nf4+ Kf7 24. Nd3 Qd4 25. Qxg5 1-0

[Event "Ostrava op"]
[Site "Ostrava"]
[Date "2010.05.01"]
[Round "1"]
[White "Rechtenberg, Karel"]
[Black "Riepma, Henk"]
[Result "1/2-1/2"]
[WhiteElo "1855"]
[BlackElo "2110"]
[PlyCount "120"]
[EventDate "2010.05.01"]
[EventType "swiss"]
[EventRounds "9"]
[EventCountry "CZE"]
[SourceTitle "EXT 2011"]
[Source "ChessBase"]
[SourceDate "2010.11.26"]
[SourceVersion "1"]
[SourceVersionDate "2010.11.26"]
[SourceQuality "1"]

1. e4 c6 2. d4 d5 3. Nc3 dxe4 4. Nxe4 Nf6 5. Nxf6+ exf6 6. Nf3 Bd6 7. Be2 0-0 8. b3 Re8 9. 0-0 Bg4 10. h3 Be6 11. Bb2 Nd7 12. c4 Nf8 13. Bd3 Qd7 14. Re1 Ng6 15. Bxg6 fxg6 16. Re3 g5 17. Qf1 g4 18. hxg4 Bxg4 19. Rae1 Bh5 20. Bc3 Rxe3 21. Rxe3 Re8 22. Qe2 Kf8 23. Kf1 Qf5 24. Qd3 Bg6 25. Qxf5 Bxf5 26. Ke2 Rxe3+ 27. Kxe3 Ke7 28. Nd2 g5 29. d5 Bf4+ 30. Ke2 g4 31. dxc6 bxc6 32. Bd4 a6 33. g3 Bc7 34. Ke3 Ke6 35. Ne4 Bxe4 36. Kxe4 f5+ 37. Ke3 h5 38. Ke2 f4 39. gxf4 Bxf4 40. f3 g3 41. Kf1 Kf5 42. Kg2 h4 43. Bc5 Bg5 44. Bd6 Bf6 45. b4 Ke6 46. Bc5 Ke5 47. a4 Kf4 48. b5 cxb5 49. Bd6+ Kf5 50. axb5 axb5 51. cxb5 Ke6 52. Bf4 Kd5 53. Be3 Kd6 54. Ba7 Kc7 55. f4 Kb7 56. Bc5 Kc7 57. Kf3 Kb7 58. f5 Kc7 59. Kg4 Kb7 60. Be3 Kc7 1/2-1/2

[Event "Moravia-Silesia Region-chT 0708"]
[Site "Czech Republic"]
[Date "2007.10.28"]
[Round "1.8"]
[White "Rechtenberg, Karel"]
[Black "Fojtu, Frantisek"]
[Result "1-0"]
[WhiteElo "1862"]
[BlackElo "1646"]
[PlyCount "47"]
[EventDate "2007.10.28"]
[EventType "team-tourn"]
[EventRounds "11"]
[EventCountry "CZE"]
[SourceTitle "EXT 2024"]
[Source "ChessBase"]
[SourceDate "2023.10.10"]
[SourceVersion "1"]
[SourceVersionDate "2023.10.10"]
[SourceQuality "1"]

1. e4 c5 2. Nf3 Nc6 3. d4 cxd4 4. Nxd4 d6 5. Nc3 Nf6 6. Bc4 g6 7. Nxc6 bxc6 8. e5 Ng4 9. exd6 exd6 10. 0-0 Qh4 11. h3 Ne5 12. Bb3 d5 13. Nxd5 Qd8 14. Bf4 Bg7 15. Bxe5 Bxe5 16. Re1 Be6 17. Rxe5 0-0 18. Ne3 Qf6 19. Qd4 Rad8 20. Qc3 Bxb3 21. axb3 Qf4 22. Rxa7 Rd4 23. Rae7 h5 24. g3 1-0